Guess the Movie from the Cast #12 - Statistics

General Stats
  • This quiz has been taken 30 times
  • The average score is 5 of 10
Answer Stats
Hint Answer % Correct
Robin Williams / Matt Damon / Ben Affleck / Minnie Driver Good Will Hunting
93%
Will Ferrell / John C. Reilly / Richard Jenkins / Mary Steenburgen Step Brothers
62%
Hugh Jackman / Christian Bale / Michael Caine / Scarlett Johansson The Prestige
59%
Jean Reno / Natalie Portman / Gary Oldman / Danny Aiello Léon: The Professional
55%
Viggo Mortensen / Mahershala Ali / Linda Cardellini / Sebastian Maniscalco Green Book
52%
Anna Faris / Marlon Wayans / Jon Abrahams / Carmen Electra Scary Movie
48%
Sydney Sweeney / Glen Powell / Alexandra Shipp / GaTa Anyone but You
45%
Kevin Spacey / Gabriel Byrne / Chazz Palminteri / Stephen Baldwin The Usual Suspects
38%
Jack Black / Paul Rudd / Steve Zahn / Thandiwe Newton Anaconda
34%
Jürgen Prochnow / Herbert Grönemeyer / Klaus Wennemann / Hubertus Bengsch Das Boot
21%
No matching quizzes found
Score Distribution
Percent of People with Each Score
Percentile by Number Answered
Your Score History
You have not taken this quiz